Đồng bằng khu trung nam bộ chống Mỹ cứu nước 1954-1964 T.1
में बचाया:
| निगमित लेखक: | |
|---|---|
| स्वरूप: | पुस्तक |
| प्रकाशित: |
Tiền Giang
[NXB Tiền Giang]
1997
|
| विषय: | |
| टैग : |
टैग जोड़ें
कोई टैग नहीं, इस रिकॉर्ड को टैग करने वाले पहले व्यक्ति बनें!
|
| Thư viện lưu trữ: | Trung tâm Học liệu Lê Vũ Hùng, Trường Đại học Đồng Tháp |
|---|
| LEADER | 00815pam a22002298a 4500 | ||
|---|---|---|---|
| 001 | 00019050 | ||
| 005 | 20171026081022.0 | ||
| 008 | 110505s1997 ||||||Viesd | ||
| 041 | 0 | # | |a Vie |
| 082 | 1 | # | |b Đ455B |a 959.704 2 |
| 110 | |a Ban chỉ đạo công trình lịch sử kháng chiến chống Mỹ khu 8. Trung nam bộ | ||
| 245 | 0 | 0 | |a Đồng bằng khu trung nam bộ chống Mỹ cứu nước 1954-1964 |n T.1 |
| 260 | # | # | |c 1997 |a Tiền Giang |b [NXB Tiền Giang] |
| 300 | # | # | |a 235 tr. |c 24 cm. |
| 653 | # | # | |a 1954-1964 |
| 653 | # | # | |a Trung nam bộ |
| 653 | # | # | |a Lịch sử |
| 653 | # | # | |a Chống Mỹ |
| 852 | # | # | |b Kho đọc |j KD.0004396 |
| 852 | # | # | |j KD.0004396 |
| 910 | |d 05/05/2011 | ||
| 980 | # | # | |a Trung tâm Học liệu Lê Vũ Hùng, Trường Đại học Đồng Tháp |